Statystyki dla Streamerzy RP

Kliknij tutaj aby rozwiązać quiz!

Ogólne statystyki

  • Ten quiz został rozwiązany 45 razy
  • Średni wynik to 6 z 15

Statystyki odpowiedzi

HintOdpowiedź% Poprawnych
Przez niego stało się popularne krzyczenie "B***!, ****!, ******** ***** co jest?."Bandura
75%
Osoba najbardziej rozpoznawalna przez 5cityEwron
73%
Szef LSPD na 5cityPisicela
70%
Dawny gracz CoCoRP. Obecnie gra na 5cityGrendy
68%
Producent bitów, raper jak i gracz.Merghani
68%
Jego serwer niedawno miał swój startTaku
68%
Odgrywa psa na 5cityGieras
45%
Potocznie zwanym "mustwinem"Kreatywny
38%
Dawny 01 LSPD na 5cityNorth
35%
Kojarzy się z ZONYM (pieniądze)KlaudiaCroft
33%
Potocznie nazywany grubym, jeden z ekipy GrendiegoFatek
25%
Skonczył z rozgrywką RP jednakże można go jeszcze spotkać na różnych serwerachremsua
23%
Bardzo groźna osoba na CoCoRPBydlak
8%
Moduluje swój głos tak, że słuchać go jak dziadaDziadu
8%
Szef i tyledum3kk
3%

Rozkład punktacji

Percentyl według liczby udzielonych odpowiedzi

Procent ludzi z każdym wynikiem

Twoja historia wyników

Nie rozwiązałeś tego quizu